| 000 | 00361nam a2200133 a 4500 | ||
|---|---|---|---|
| 001 | 5492 | ||
| 003 | CDMR | ||
| 005 | 20130116135309.0 | ||
| 008 | 130130s2001||||||||||||||||||||||||||||d | ||
| 040 |
_aCDMR _bcat _cCPC GIRONA |
||
| 245 | 0 |
_aQuan els records parlen _bVisions etnogràfiques de Tomàs Carreras i Artau |
|
| 260 |
_c2001 _bAjuntament d'Anglès |
||
| 942 | _cMON | ||
| 999 |
_c5492 _d5492 |
||